|
|
|
|
| LEADER |
00000nab a2200000 r4500 |
| 001 |
vtls011838523 |
| 003 |
SK-MaSNL |
| 005 |
20260304173229.0 |
| 008 |
190201c20180903xo mr|p|||||||000 b|slo |
| 015 |
|
|
|a SNBRB2019/01
|
| 038 |
|
|
|a PPPK
|
| 040 |
|
|
|a PPPKCL
|b slo
|e rda
|
| 041 |
0 |
|
|a slo
|
| 043 |
|
|
|a e-xo---
|
| 044 |
|
|
|a xo
|c SK
|
| 072 |
|
7 |
|a 796
|x Šport. Hry. Telesné cvičenia
|2 konspekt
|
| 080 |
|
|
|a 796.323.2-055.2
|x (437.6)
|2 2011
|
| 080 |
|
|
|a 796.323.2.071.43
|2 2011
|
| 245 |
0 |
0 |
|a Extraligu povedie Tatiana Gallová
|
| 336 |
|
|
|a text
|b txt
|2 rdacontent
|
| 337 |
|
|
|a bez média
|b n
|2 rdamedia
|
| 338 |
|
|
|a zväzok
|b nc
|2 rdacarrier
|
| 500 |
|
|
|a Autor článku nie je uvedený.
|
| 600 |
1 |
7 |
|a Gallová, Tatiana
|2 pppkcl
|9 1161612
|
| 600 |
1 |
7 |
|a Černický, Milan
|2 pppkcl
|9 869487
|
| 610 |
2 |
7 |
|a BAM Poprad
|2 pppkcl
|9 1089972
|
| 650 |
0 |
7 |
|a šport
|2 pppkcl
|9 1042
|
| 650 |
0 |
7 |
|a basketbal
|2 pppkcl
|9 3290
|
| 650 |
0 |
7 |
|a tréneri
|2 pppkcl
|9 29581
|
| 650 |
0 |
7 |
|a sezóna 2018/2019
|2 pppkcl
|9 1086492
|
| 651 |
|
7 |
|a Poprad (Slovensko)
|2 pppkcl
|9 20155
|
| 773 |
0 |
|
|t Podtatranský kuriér : nezávislý spoločensko-ekonomický občasník
|g Roč. 8, č. 7 (3.9.2018), s. 12
|x 1338-5402
|
| 852 |
|
|
|a PPPK
|b KIS3GCP
|
| 999 |
|
|
|c 3002173
|d 3004103
|